Tratado de derecho del trabajo : riesgos del Trabajo. Actualización normativa y jurisprudencial (2007-2009). Decreto 1695/09 y fallos de la CSJN. Tomo VI /
Guardado en:
| Otros Autores: | |
|---|---|
| Formato: | Libro |
| Idioma: | Spanish |
| Publicado: |
Santa Fe :
Rubinzal Culzoni,
2009.
|
| Materias: | |
| Etiquetas: |
Agregar Etiqueta
Sin Etiquetas, Sea el primero en etiquetar este registro!
|
| LEADER | 00677nam a22001695a 4500 | ||
|---|---|---|---|
| 001 | DER.der009609 | ||
| 008 | 180615s2009####ag#||||||||||||||#||spa|| | ||
| 005 | 20251114091427.0 | ||
| 245 | 1 | 0 | |a Tratado de derecho del trabajo : |p Tomo VI / |b riesgos del Trabajo. Actualización normativa y jurisprudencial (2007-2009). Decreto 1695/09 y fallos de la CSJN. |c dirigido por Mario E. Ackerman, y Diego M. Tosca. |
| 260 | |a Santa Fe : |b Rubinzal Culzoni, |c 2009. | ||
| 300 | |a 139 p. | ||
| 020 | |a 9789873000713 | ||
| 700 | 1 | |a Ackerman, Mario E., |e dir. | |
| 700 | 1 | |a Tosca, Diego M., |e coord. | |
| 653 | |a DERECHO LABORAL | ||
| 653 | |a RIESGO LABORAL | ||
| 859 | |a DERECHO |b BIB. DERECHO |h 344 |i TRA |p 006270 |3 Tomo VI | ||
